[Event "POL Superleague Rapid"]
[Site "Poland"]
[Date "2023.06.07"]
[Round "9.3"]
[White "Plat, Vojtech"]
[Black "Tazbir, Marcin"]
[Result "1-0"]
[WhiteElo "2535"]
[BlackElo "2504"]
[PlyCount "109"]
[EventDate "2023.04.04"]
[EventType "team-tourn (rapid)"]
[EventRounds "14"]
[EventCountry "POL"]
[SourceTitle "EXT 2024"]
[Source "ChessBase"]
[SourceDate "2023.10.10"]
[SourceVersion "1"]
[SourceVersionDate "2023.10.10"]
[SourceQuality "1"]
[WhiteTeam "Pegow Wieza"]
[BlackTeam "Wroclaw Polonia"]
[WhiteTeamCountry "POL"]
[BlackTeamCountry "POL"]

1. e4 c6 2. Nf3 d5 3. d3 Bg4 4. h3 Bxf3 5. Qxf3 e6 6. g3 Nf6 7. Qe2 dxe4 8. dxe4 e5 9. Bg2 Nbd7 10. 0-0 Bc5 11. Nd2 Qe7 12. Nc4 h5 13. Bg5 g6 14. Rad1 Qe6 15. b4 Be7 16. c3 b5 17. Na5 0-0 18. f4 exf4 19. gxf4 Rac8 20. e5 Nd5 21. Nxc6 Qxc6 22. Bxd5 Qb6+ 23. Kh1 Bxg5 24. fxg5 Rce8 25. Rxf7 Rxf7 26. Bxf7+ Kxf7 27. Rxd7+ Kg8 28. Qe4 Kh8 29. e6 Qxe6 30. Qxe6 Rxe6 31. Rxa7 Re5 32. Rc7 Rxg5 33. Rc5 Rg3 34. Kh2 Rd3 35. Rxb5 Rxc3 36. a4 Ra3 37. a5 Kg7 38. h4 Kf6 39. Rb6+ Kf5 40. a6 Kg4 41. Rxg6+ Kxh4 42. Kg1 Ra4 43. b5 Ra5 44. Rg8 Kh3 45. b6 Ra1+ 46. Kf2 Ra2+ 47. Kf3 Ra3+ 48. Kf4 Ra4+ 49. Ke3 Ra3+ 50. Kd4 Ra4+ 51. Kc3 Ra3+ 52. Kc2 Ra2+ 53. Kc3 Ra3+ 54. Kc4 Ra4+ 55. Kb5 1-0

[Event "Titled Tuesday intern op 28th Mar Late"]
[Site "Chess.com INT"]
[Date "2023.03.28"]
[Round "1"]
[White "Ozalp, Burak"]
[Black "Tazbir, Marcin"]
[Result "0-1"]
[WhiteElo "2206"]
[BlackElo "2503"]
[PlyCount "56"]
[EventDate "2023.03.28"]
[EventType "swiss (blitz)"]
[EventRounds "11"]
[EventCountry "USA"]
[SourceTitle "EXT 2024"]
[Source "ChessBase"]
[SourceDate "2023.10.10"]
[SourceVersion "1"]
[SourceVersionDate "2023.10.10"]
[SourceQuality "1"]

1. Nf3 f5 2. g3 Nf6 3. Bg2 g6 4. 0-0 Bg7 5. c4 0-0 6. Nc3 d6 7. d4 h6 8. Re1 g5 9. Qd3 Nc6 10. a3 Qe8 11. e4 fxe4 12. Nxe4 Nxe4 13. Qxe4 Bf5 14. Qd5+ e6 15. Qb5 Bg4 16. d5 Bxf3 17. dxc6 bxc6 18. Qb3 Rb8 19. Qe3 Bxg2 20. Kxg2 Bxb2 21. Bxb2 Rxb2 22. Qxa7 Qf7 23. Rf1 c5 24. Kg1 Rxf2 25. Rxf2 Qxf2+ 26. Kh1 Qf3+ 27. Kg1 Qe3+ 28. Kh1 Qe4+ 0-1

[Event "FIDE Disabilities Olym"]
[Site "Belgrade"]
[Date "2023.02.01"]
[Round "?"]
[White "Tazbir, Marcin"]
[Black "Sarkar, Justin"]
[Result "1/2-1/2"]
[WhiteElo "2507"]
[BlackElo "2345"]
[PlyCount "61"]
[EventDate "2023.01.30"]
[EventType "team-swiss"]
[EventRounds "6"]
[EventCountry "SRB"]
[SourceTitle "CBM 212 Extra"]
[Source "ChessBase"]
[SourceDate "2023.03.31"]
[SourceVersion "1"]
[SourceVersionDate "2023.03.31"]
[SourceQuality "1"]
[WhiteTeam "Poland"]
[BlackTeam "FIDE"]
[WhiteTeamCountry "POL"]

1. e4 e5 2. Nf3 Nc6 3. Bb5 a6 4. Ba4 Nf6 5. 0-0 Nxe4 6. Re1 Nc5 7. Bxc6 dxc6 8. Nxe5 Be7 9. d4 Ne6 10. Be3 0-0 11. Nc3 f6 12. Nf3 Re8 13. d5 cxd5 14. Nxd5 b5 15. Nxe7+ Rxe7 16. Qxd8+ Nxd8 17. a4 Bb7 18. axb5 axb5 19. Rxa8 Bxa8 20. Nd4 b4 21. Ra1 Be4 22. f3 Bg6 23. Kf2 c5 24. Ra8 Re8 25. Nb3 c4 26. Nd4 Nc6 27. Rxe8+ Bxe8 28. Nxc6 Bxc6 29. Bc5 Ba4 30. Bxb4 Bxc2 31. Bc3 1/2-1/2

[Event "EU-ch Rapid"]
[Site "Katowice"]
[Date "2022.12.18"]
[Round "10"]
[White "Tazbir, Marcin"]
[Black "Redzisz, Michal"]
[Result "1-0"]
[WhiteElo "2508"]
[BlackElo "2260"]
[PlyCount "171"]
[EventDate "2022.12.17"]
[EventType "swiss (rapid)"]
[EventRounds "11"]
[EventCountry "POL"]
[SourceTitle "CBM 211 Extra"]
[Source "ChessBase"]
[SourceDate "2023.01.31"]
[SourceVersion "1"]
[SourceVersionDate "2023.01.31"]
[SourceQuality "1"]

1. c4 Nf6 2. g3 e6 3. Bg2 d5 4. Nf3 dxc4 5. Qa4+ Nbd7 6. Qxc4 a6 7. Qc2 c5 8. a4 b6 9. 0-0 Bb7 10. d3 Be7 11. b3 0-0 12. Bb2 Rc8 13. Nbd2 Nd5 14. Nc4 Qc7 15. e4 Nb4 16. Qe2 Rfd8 17. Rfd1 b5 18. Na3 Qb6 19. axb5 axb5 20. d4 Ba6 21. d5 exd5 22. exd5 Bf6 23. d6 c4 24. Bd4 Bxd4 25. Rxd4 Nd3 26. bxc4 bxc4 27. Bh3 N7e5 28. Bxc8 Nxf3+ 29. Qxf3 Qxd4 30. Nc2 Qb2 31. Bxa6 Qxc2 32. Rf1 Qa4 33. Qb7 Qd7 34. Qxd7 Rxd7 35. Rb1 g6 36. Rb6 Nc5 37. Bb5 c3 38. Rc6 Ne6 39. Rc8+ Rd8 40. d7 Kf8 41. Rxc3 Nd4 42. Rc8 Ke7 43. Ba4 Nf3+ 44. Kg2 Ne5 45. Rc7 Nxd7 46. Ra7 Kd6 47. Bb3 f6 48. Ra6+ Ke7 49. Re6+ Kf7 50. Ba2 Re8 51. Rd6+ Ke7 52. Re6+ Kf7 53. Ra6+ Kf8 54. h4 Re7 55. g4 Kg7 56. Ra7 Kf8 57. Kg3 Nc5 58. Ra5 Ne4+ 59. Kg2 Re5 60. Ra8+ Re8 61. Ra6 f5 62. gxf5 gxf5 63. f3 Nc5 64. Ra5 f4 65. Kh3 Re5 66. Ra8+ Re8 67. Ra5 Re5 68. Rb5 h5 69. Bb1 Kf7 70. Rb4 Ne6 71. Ba2 Kf6 72. Bxe6 Rxe6 73. Rxf4+ Kg6 74. Rb4 Rc6 75. Kg3 Rf6 76. Rb5 Kh6 77. f4 Ra6 78. f5 Ra4 79. Rb6+ Kh7 80. Rg6 Rb4 81. Rg5 Kh6 82. Rg8 Kh7 83. Rg5 Kh6 84. f6 Rg4+ 85. Rxg4 hxg4 86. h5 1-0

[Event "EU-ch Blitz"]
[Site "Katowice"]
[Date "2022.12.16"]
[Round "13"]
[White "Fus, Jakub"]
[Black "Tazbir, Marcin"]
[Result "0-1"]
[WhiteElo "2405"]
[BlackElo "2508"]
[PlyCount "66"]
[EventDate "2022.12.16"]
[EventType "swiss (blitz)"]
[EventRounds "22"]
[EventCountry "POL"]
[SourceTitle "CBM 211 Extra"]
[Source "ChessBase"]
[SourceDate "2023.01.31"]
[SourceVersion "1"]
[SourceVersionDate "2023.01.31"]
[SourceQuality "1"]

1. Nf3 c5 2. c4 g6 3. e4 Bg7 4. d4 Nc6 5. d5 Nd4 6. Nxd4 cxd4 7. Bd3 d6 8. 0-0 Nf6 9. Nd2 0-0 10. b3 e5 11. Ba3 b6 12. b4 a5 13. bxa5 Rxa5 14. Bb4 Ra8 15. a4 Qe7 16. Nb3 Nd7 17. a5 Rb8 18. axb6 Rxb6 19. Na5 Bb7 20. Qa4 f5 21. Rab1 fxe4 22. Bxe4 Nf6 23. Bc2 Rb8 24. Ba3 Ba8 25. Rxb6 Rxb6 26. Rb1 Rxb1+ 27. Bxb1 e4 28. Nb3 e3 29. Qxa8+ Bf8 30. Nc1 exf2+ 31. Kxf2 Qe3+ 32. Kf1 Ng4 33. Nd3 Nxh2# 0-1

[Event "EU-ch Blitz"]
[Site "Katowice"]
[Date "2022.12.16"]
[Round "16"]
[White "Kjartansson, Gudmundur"]
[Black "Tazbir, Marcin"]
[Result "1-0"]
[WhiteElo "2453"]
[BlackElo "2508"]
[PlyCount "195"]
[EventDate "2022.12.16"]
[EventType "swiss (blitz)"]
[EventRounds "22"]
[EventCountry "POL"]
[SourceTitle "CBM 211 Extra"]
[Source "ChessBase"]
[SourceDate "2023.01.31"]
[SourceVersion "1"]
[SourceVersionDate "2023.01.31"]
[SourceQuality "1"]

1. c4 e5 2. g3 f5 3. Nc3 Nf6 4. d4 e4 5. Bg5 Be7 6. e3 c6 7. h4 0-0 8. Nh3 d6 9. Nf4 Na6 10. a3 Nc7 11. Be2 h6 12. Bxf6 Bxf6 13. g4 c5 14. g5 hxg5 15. hxg5 Bxg5 16. Ng6 Re8 17. dxc5 dxc5 18. Qa4 Bd7 19. Qb3 Qf6 20. Rh8+ Kf7 21. Rxe8 Rxe8 22. Bh5 Kg8 23. Qxb7 Qc6 24. Qxc6 Bxc6 25. Rd1 Rb8 26. Rd2 Bf6 27. Nd1 Ne6 28. Rd6 Nd8 29. Nf4 Be5 30. Rd2 Bxf4 31. exf4 Ne6 32. Rd6 Nxf4 33. Rxc6 Nxh5 34. Rxc5 g6 35. b4 Nf4 36. Rc7 Nd3+ 37. Ke2 Rd8 38. Ne3 f4 39. Nd5 Nc1+ 40. Kf1 Nb3 41. Nf6+ Kf8 42. Nxe4 Rd1+ 43. Kg2 Nd4 44. Rxa7 f3+ 45. Kg3 Re1 46. Kf4 Ne6+ 47. Kxf3 Nd4+ 48. Kf4 Ne6+ 49. Ke5 Ng5 50. f3 Nxf3+ 51. Kf6 Ke8 52. Nd6+ Kd8 53. c5 Nd4 54. b5 Re6+ 55. Kf7 g5 56. b6 Rh6 57. b7 Nc6 58. Ra8+ Kd7 59. b8Q Nxb8 60. Rxb8 g4 61. Rg8 Rh5 62. Ne4 Rf5+ 63. Nf6+ Kc6 64. Rxg4 Rxc5 65. Ke6 Rc3 66. Ra4 Re3+ 67. Kf5 Kb5 68. Ra8 Rf3+ 69. Ke5 Rh3 70. Ne4 Rh5+ 71. Kd4 Rh4 72. Kd5 Rh5+ 73. Kd4 Rh4 74. a4+ Kb6 75. Kd5 Rh5+ 76. Kd4 Rh4 77. a5+ Kb7 78. Re8 Ka6 79. Ra8+ Kb7 80. Re8 Ka6 81. Re5 Rh1 82. Kc4 Rc1+ 83. Nc3 Rc2 84. Kb3 Rc1 85. Kb4 Ra1 86. Re6+ Kb7 87. Kb5 Rh1 88. Re7+ Kb8 89. Nd5 Rh5 90. Kb6 Rh6+ 91. Kc5 Rh5 92. Rg7 Ka8 93. Rf7 Kb8 94. Kb6 Rh6+ 95. Nf6 Rh8 96. Nd7+ Ka8 97. Rf8+ Rxf8 98. Nxf8 1-0

[Event "EU-ch Blitz"]
[Site "Katowice"]
[Date "2022.12.16"]
[Round "8"]
[White "Psyk, Radoslaw"]
[Black "Tazbir, Marcin"]
[Result "0-1"]
[WhiteElo "2438"]
[BlackElo "2508"]
[PlyCount "162"]
[EventDate "2022.12.16"]
[EventType "swiss (blitz)"]
[EventRounds "22"]
[EventCountry "POL"]
[SourceTitle "CBM 211 Extra"]
[Source "ChessBase"]
[SourceDate "2023.01.31"]
[SourceVersion "1"]
[SourceVersionDate "2023.01.31"]
[SourceQuality "1"]

1. e4 c6 2. d4 d5 3. Nd2 dxe4 4. Nxe4 Nf6 5. Nxf6+ gxf6 6. c3 Bf5 7. Nf3 Nd7 8. g3 Qa5 9. Bg2 Qa6 10. Bf1 Qa5 11. Bg2 Qb5 12. a4 Qd3 13. Qxd3 Bxd3 14. Bf4 0-0-0 15. 0-0-0 Be4 16. Ne1 Bd5 17. Kc2 Nb6 18. b3 Bxg2 19. Nxg2 Nd5 20. Bd2 e6 21. Rhe1 c5 22. c4 Nb6 23. a5 Nd7 24. d5 exd5 25. cxd5 Bd6 26. Ne3 Ne5 27. Bc3 Rhe8 28. Nc4 Bb8 29. f4 Nf3 30. Rxe8 Rxe8 31. Kd3 f5 32. Rf1 Nxh2 33. Rh1 Ng4 34. Rxh7 Rd8 35. Rxf7 Rxd5+ 36. Ke2 Bc7 37. Rf8+ Kd7 38. Ra8 b5 39. axb6 axb6 40. Ra7 Kc6 41. Nd2 Rd8 42. Nf3 Re8+ 43. Kd2 Re3 44. Nh4 Rxg3 45. Nxf5 Bxf4+ 46. Kc2 Ne3+ 47. Nxe3 Rxe3 48. Rf7 Bd6 49. Rf6 Kd5 50. Rh6 Rf3 51. Rh5+ Ke4 52. Rh4+ Bf4 53. Rh7 Rf2+ 54. Kb1 b5 55. Rd7 Be3 56. Bg7 Bd4 57. Bf8 Rf3 58. Kc2 Rc3+ 59. Kd2 Rxb3 60. Re7+ Kd5 61. Rd7+ Kc4 62. Kc1 Rf3 63. Bh6 Kd3 64. Kb1 Rf1+ 65. Bc1 Kc4 66. Kc2 Rf2+ 67. Kb1 Kb3 68. Ra7 Rf1 69. Ra3+ Kb4 70. Rd3 Kc4 71. Rg3 b4 72. Rh3 b3 73. Rh2 Be3 74. Rh4+ Kb5 75. Kb2 Bxc1+ 76. Kxb3 Rf3+ 77. Kc2 Be3 78. Kd3 Bd4+ 79. Kc2 Kc4 80. Kb1 Kb3 81. Rh1 Rg3 0-1

[Event "Wroclaw Radzikowska Blitz op"]
[Site "Wroclaw"]
[Date "2022.11.04"]
[Round "9"]
[White "Tazbir, Marcin"]
[Black "Cyfka, Karina"]
[Result "1-0"]
[WhiteElo "2509"]
[BlackElo "2339"]
[PlyCount "89"]
[EventDate "2022.11.04"]
[EventType "swiss (blitz)"]
[EventRounds "11"]
[EventCountry "POL"]
[SourceTitle "EXT 2024"]
[Source "ChessBase"]
[SourceDate "2023.10.10"]
[SourceVersion "1"]
[SourceVersionDate "2023.10.10"]
[SourceQuality "1"]

1. c4 e5 2. g3 Nf6 3. Bg2 d5 4. cxd5 Nxd5 5. Nf3 Nc6 6. 0-0 Nb6 7. b3 Be7 8. Bb2 f6 9. d4 exd4 10. Nxd4 Nxd4 11. Qxd4 Qxd4 12. Bxd4 c6 13. Nc3 Be6 14. Ne4 Nd7 15. Rfd1 Kf7 16. Be3 Bd5 17. Nd6+ Bxd6 18. Bxd5+ Ke7 19. Bg2 Be5 20. Rac1 Nb6 21. Bc5+ Ke6 22. Bh3+ f5 23. e4 g6 24. f4 Bc7 25. exf5+ gxf5 26. Re1+ Kf6 27. Bd4+ Kg6 28. Bxh8 Rxh8 29. Re6+ Kf7 30. Bxf5 Nd5 31. Rce1 Rd8 32. Bxh7 Bb6+ 33. Kg2 Nc3 34. Kf3 Bc5 35. a4 Rd2 36. h4 Nd5 37. Bg6+ Kg7 38. h5 Nf6 39. Re7+ Kh6 40. R7e2 Rd8 41. g4 Kg7 42. g5 Nd5 43. f5 Rf8 44. h6+ Kh8 45. Re8 1-0

[Event "Rubinstein Memorial 58th"]
[Site "Polanica Zdroj"]
[Date "2022.08.21"]
[Round "9"]
[White "Bernadskiy, Vitaliy"]
[Black "Tazbir, Marcin"]
[Result "1/2-1/2"]
[WhiteElo "2598"]
[BlackElo "2511"]
[PlyCount "60"]
[EventDate "2022.08.14"]
[EventType "tourn"]
[EventRounds "9"]
[EventCountry "POL"]
[EventCategory "13"]
[SourceTitle "CBM 209 Extra"]
[Source "ChessBase"]
[SourceDate "2022.09.30"]
[SourceVersion "1"]
[SourceVersionDate "2022.09.30"]
[SourceQuality "1"]

1. e4 e6 2. d4 d5 3. e5 c5 4. c3 Nc6 5. Nf3 Qb6 6. Be2 cxd4 7. cxd4 Nge7 8. Na3 Nf5 9. Nc2 Be7 10. 0-0 Bd7 11. Bd3 h6 12. b4 a5 13. b5 Ncxd4 14. Nfxd4 Nxd4 15. Qg4 Nxc2 16. Qxg7 0-0-0 17. Bxc2 Bxb5 18. Rb1 Qc6 19. Rxb5 Qxb5 20. Qxf7 Qd7 21. Ba4 Qxa4 22. Qxe7 Rhe8 23. Qc5+ Kb8 24. Bxh6 d4 25. Rb1 Qxa2 26. Rxb7+ Kxb7 27. Qb5+ Kc7 28. Qc5+ Kb7 29. Qb5+ Kc7 30. Qc5+ Kb7 1/2-1/2